000 00503nam a22001577a 4500
003 0
005 20231107100140.0
008 230929b xxu||||| |||| 00| 0 eng d
050 _aRA 790
_b.D53 2022
100 _aDiaz, Charisse Margaret S.
245 _aHealth literacy and aging anxiety of Filipino senior citizens
_cDiaz, Charisse Margaret S.
260 _aLas Pinas City
_bSouthville International and Colleges
_cC2022
300 _ax, 286pp.
_c28cm.
500 _aHealth literacy.
942 _2lcc
_cTH
999 _c365448
_d365448